000 00565cam a22002053a 4500
001 37808
003 PGUSA
005 20140828083830.0
008 111021s2011||||xxu|||||s|||||000 | eng d
040 _aPGUSA
_beng
042 _adc
100 1 _aMurray, Gilbert,
_d1866-1957
245 1 0 _aCarlyon Sahib
_h[electronic resource] /
_cGilbert Murray
260 _bProject Gutenberg,
_c2011
506 _aPublic domain in the USA.
516 _aElectronic text
830 0 _aProject Gutenberg
_v37808
856 4 0 _uhttp://www.gutenberg.org/ebooks/37808
942 _cEB
999 _c267062
_d267062